The Collins concise dictionary of the English language
Αποθηκεύτηκε σε:
| Άλλοι συγγραφείς: | |
|---|---|
| Μορφή: | Βιβλίο |
| Γλώσσα: | English |
| Δημοσίευση: |
London :
Collins,
1988
|
| Έκδοση: | 2nd ed. |
| Θέματα: | |
| Ετικέτες: |
Προσθήκη ετικέτας
Δεν υπάρχουν, Καταχωρήστε ετικέτα πρώτοι!
|
MARC
| LEADER | 00000cam a2200000 i 4500 | ||
|---|---|---|---|
| 001 | 1/73460 | ||
| 008 | 970826s1988 eng d | ||
| 020 | |a 0-00-433161-3 | ||
| 035 | |a 1994 |b 2 |c Τσουτσουλοπούλου |l 10031521 | ||
| 040 | |a GR-MY-UA |b gre |e aacr | ||
| 041 | 0 | |a eng | |
| 082 | 0 | |a Π 423 | |
| 245 | 1 | 4 | |a The Collins concise dictionary of the English language / |c chief editor Patrick Hanks |
| 250 | |a 2nd ed. | ||
| 260 | |a London : |b Collins, |c 1988 | ||
| 300 | |a 1392 p. | ||
| 650 | 0 | 0 | |a English language |x Dictionaries. |
| 700 | 1 | |a Hanks, Patrick. |4 edt | |
| 852 | |a INST |b RHODES |e 19970826 |h 423 COL |p 005400009728 |q 005400009728 |t REF |y 23 | ||
| 909 | |a Ρ |b 035359 |c 1994 | ||